000 00628nam a2200229Ia 4500
005 20260429111901.0
008 260429s9999||||xx |||||||||||||| ||und||
020 _a9788131717912
041 _aEnglish
082 _a621.382
_bPAL
100 _aPalais, Joseph C
245 0 _aFiber optics communications /
_cJoseph C Palais
250 _a5th ed.
260 _aChennai :
_bPearson,
_c2025.
300 _axii, 442 p.; pbk
650 _a Communication systems
650 _a Optical communication
650 _a Signal transmission
650 _a Telecommunication engineering
650 _aFiber optics
942 _cTB
999 _c51264
_d51264